000 00618nam a2200181 i 4500
001 39372
003 ES-MaACL
005 20230906155948.0
007 t|
008 030228s1963 sp ||||1| spa d
100 1 _aCalleja, Juan José.
_933719
245 1 0 _aCrónica de Yagüe /
_cpor Juan José Calleja ; supervisión militar de Juan Vicente Izquierdo.
260 _aBurgos :
_bAyuntamiento,
_c1963 (
_fHijos de Santiago Rodríguez)
300 _a378 p., 48 lám., 3 map. ;
_c22 cm.
700 1 _aIzquierdo, Juan Vicente.
_965709
710 1 _aBurgos.
_bAyuntamiento.
_92257
852 _aES-MaACL
_jC-23034
_bR.51726
999 _c39372
_d39372